The Ultimate Harry Potter Who's Who - Statistics

General Stats
  • This quiz has been taken 1,575 times
    1,564 since last reset
  • The average score is 130 of 199
Answer Stats
Hint Answer % Correct
Harry
99%
| Potter James
99%
Lily
99%
Albus
98%
Dudley
98%
Fred
98%
George
98%
Molly
98%
Petunia
98%
Ron
98%
Weasley Arthur
97%
Bill
97%
Draco
97%
Granger Hermione
97%
Dursley Vernon
97%
Charlie
96%
Ginny
96%
Percy
96%
Lucius
95%
Neville
95%
Sirius
94%
Narcissa
93%
Bellatrix
91%
Wood Oliver
91%
Remus
91%
Severus
91%
Chang Cho
90%
Luna
90%
Marge
90%
Finnigan Seamus
90%
Thomas Dean
89%
Krum Victor
89%
Cedric
88%
House elves Dobby
88%
Delacour Fleur
88%
Owls Hedwig
88%
Brown Lavender
88%
McGonagall Minerva
88%
Tom Junior
88%
Riddle Tom Senior
88%
Umbridge Dolores
87%
Gryffindor Godric
87%
Hufflepuff Helga
87%
Bell Katie
87%
Pettigrew Peter
87%
Hagrid Rubeus
87%
Snake Nagini
86%
Patil Padma
86%
Slytherin Salazar
86%
Barty Junior
85%
Crouch Barty Senior
85%
Creevey Colin
85%
Parvati
85%
Skeeter Rita
85%
Ravenclaw Rowena
85%
Aberforth
84%
Moody Alastor
84%
Jordan Lee
84%
Nymphadora
84%
| Tonks Ted
84%
Ariana
83%
Frank
83%
Parkinson Pansy
83%
Alice
82%
Lockhart Gilderoy
82%
Regulus
82%
Crabbe Vincent
82%
Johnson Angelina
81%
Abbot Hannah
81%
Fudge Cornelius
80%
Goyle Gregory
80%
Rat Scabbers
80%
Trelawney Sybill
80%
Slughorn Horace
79%
Karkaroff Igor
79%
Hippogriff Buckbeak
78%
Cat Crookshanks
78%
Helena
78%
Shacklebolt Kingsley
78%
Lovegood Xenophilius
78%
McLaggen Cormac
77%
Flitwick Filius
77%
Kreacher
77%
Susan
77%
Zabini Blaise
76%
Scamander Newt
76%
Clearwater Penelope
76%
Diggory Amos
75%
Bagshot Bathilda
75%
Greyback Fenrir
75%
Winky
74%
Gabrielle
73%
Pomfrey Poppy
73%
Rose
73%
Scorpius
73%
Spinnet Alicia
72%
Dennis
72%
Finch-Fletchley Justin
72%
Gaunt Marvolo
72%
Belby | Flint Marcus
70%
Bullstrode Millicent
69%
Sprout Pomona
69%
MacMillan Ernie
68%
Hugo
68%
Bagman Ludovic
68%
Maxime Olympe
68%
Vane Romilda
68%
Scrimgeour Rufus
67%
Shunpike Stan
67%
Andromeda
66%
Grindelwald Gellert
65%
Augusta
64%
Burbage Charity
63%
Fletcher Mundungus
63%
Quirrel Quirinus
63%
Carrow Amycus
61%
Figg Arabella
61%
Kendra
61%
de Mimsy-Porpington Nicholas
61%
Alecto
60%
Merope
60%
Pigwidgeon
60%
Smith Zacharias
60%
Boot Terry
59%
Lestrange Rodolphus
58%
Dolohov Antonin
57%
Corner Michael
57%
Dumbledore Percival
57%
Ollivander Garrick
55%
Edgecombe Marietta
55%
Thicknesse Pius
55%
Nott Theodore
55%
Diggle Dedalus
54%
Doge Elphias
54%
Amelia
53%
Goldstein Anthony
52%
Hermes
51%
Morfin
51%
Jorkins Bertha
50%
Hooch Rolanda
50%
Prewett Fabian
49%
Dippet Armando
48%
Rosier Evan
48%
Gideon
48%
Hopkirk Mafalda
48%
Black Phineas
48%
Sinistra Aurora
45%
Binns Cuthbert
45%
Eileen
44%
Ogden Bob
43%
Polkiss Piers
43%
Davies Roger
43%
Rookwood Augustus
41%
Cresswell Dirk
41%
Rabastan
41%
Grubbly-Plank Wilhelmina
41%
Pucey Adrian
39%
Vance Emmeline
37%
Smith Hepzibah
37%
Podmore Sturgis
36%
Sloper Jack
35%
Dawlish John
35%
Jones Hestia
34%
Robins Demelza
33%
McKinnon Marlene
32%
Snape Tobias
32%
Walburga
32%
Bode Broderick
31%
Peakes Jimmy
31%
Orion
31%
Macnair Walden
30%
Vector Septima
29%
Twycross Wilkie
28%
Rowle Thorfinn
27%
Malfoy Abraxas
26%
Cootes Ritchie
26%
Kirke Andrew
25%
Marchbanks Griselda
25%
Meadowes Dorcas
24%
Kettleburn Silvanus
21%
Lupin Lyall
18%
Babbling Bathsheda
17%
Fenwick Benjy
17%
Bones Edgar
16%
Longbottom Algie
15%
Brocklehurst Mandy
14%
Higgs Terence
14%
Turpin Lisa
13%
Dearborn Caradoc
11%
Alphard
10%
Burke Caractacus
10%
Enid
10%
Perk Sally-Anne
6%
Flume Ambrosius
4%
No matching quizzes found
Score Distribution
Percent of People with Each Score
Percentile by Number Answered
Your Score History
You have not taken this quiz since the last reset